000 00347nam a2200133Ia 4500
008 240624s9999 xx 000 0 und d
041 _aeng
082 _a658.8 WEY
100 _aWEYMES PAT
245 _aCREATING CUSTOMERS HOW TO INCREASE SALES
260 _c2007
_aNew Delhi
_bKogan Page
300 _avi, : 247 : p. : cm. ; 21
365 _cRS
_b33
999 _c15571
_d15571